|
|
|
|
| LEADER |
00000nkm a2200000 a 4500 |
| 001 |
vtls012013279 |
| 003 |
SK-MaSNL |
| 005 |
20260512125554.0 |
| 007 |
kp ho |
| 008 |
231121q1927 xo g kuslo |
| 015 |
|
|
|a SNBG1927
|
| 035 |
|
|
|a urn:nbn:sk:snk-km00favk
|
| 035 |
|
|
|a urn:nbn:sk:snk-km45t0f
|
| 035 |
|
|
|a 306A0921-BE61-4828-AE9C-0BA3D8DFBB36
|
| 040 |
|
|
|a SNK
|b slo
|c SNK
|e AACR2
|
| 041 |
0 |
|
|a slo
|
| 043 |
|
|
|a e-xo---
|
| 044 |
|
|
|a xo
|c SK
|
| 072 |
|
7 |
|a 908(437)
|x Vlastiveda Česka a Slovenska
|2 konspekt
|
| 080 |
|
|
|a 913(437.6)
|2 2011
|
| 080 |
|
|
|a 908(437.6)
|2 2011
|
| 080 |
|
|
|a (084.121)
|2 2011
|
| 080 |
|
|
|a 625.745.1/625.1
|2 2011
|
| 080 |
|
|
|a 556.53
|2 2011
|
| 080 |
|
|
|a 621.223:664.71.05
|2 2011
|
| 080 |
|
|
|a 656.223.1/.2
|2 2011
|
| 080 |
|
|
|a (282.243)
|2 2011
|
| 245 |
0 |
0 |
|a Hlohovec - Frašták
|h grafika
|b mlyny n. Váhom
|
| 260 |
|
|
|a Hlohovec - Frašták
|b Nakladatelstvo S. Bródy, knihtlačiareň
|c [1927?]
|e [Praha]
|f [Moritz Schulz, tiskárna]
|
| 300 |
|
|
|a 1 pohľadnica
|b kolorovaná
|c 9 x 14 cm
|
| 500 |
|
|
|a Názvové údaje prevzaté z obrazovej časti dokumentu
|
| 500 |
|
|
|a Na adresnej časti uvedené: "16108"
|
| 520 |
8 |
|
|a Zobrazenie: Pohľad na dva vodné mlyny, pred ktorými vľavo na ostrovčeku stoja dvaja muži. Pred mužmi je loďka, v ktorej sedia dvaja muži a medzi nimi je cez loďku položené brvno. Za mlynmi je železničný most a vľavo na ňom je vlak
|
| 650 |
0 |
7 |
|a vodné mlyny
|2 SNKPH
|9 29388
|
| 650 |
0 |
7 |
|a rieky
|2 SNKPH
|9 29644
|
| 650 |
0 |
7 |
|a železničné mosty
|2 SNKPH
|9 85464
|
| 650 |
0 |
7 |
|a vlaky
|2 SNKPH
|9 30603
|
| 651 |
|
7 |
|a Hlohovec (Slovensko)
|2 SNKPH
|9 31468
|
| 651 |
|
7 |
|a Váh (Slovensko : rieka)
|2 SNKPHgeo
|9 59387
|
| 655 |
|
7 |
|a miestne pohľadnice
|2 SNKPH
|9 70510
|
| 655 |
|
7 |
|a geografické pohľadnice
|2 SNKPH
|9 70522
|
| 852 |
|
|
|a Slovenská národná knižnica
|
| 958 |
|
|
|a GBN
|
| 958 |
|
|
|a OND
|
| 958 |
|
|
|a GC
|
| 958 |
|
|
|a EUIPO
|
| 999 |
|
|
|c 1082785
|d 1084715
|
| 952 |
|
|
|a SNK
|b SNK
|y PREZ
|7 0
|p 17A1410055
|o snkSP 118258
|z Pohľadnica prešla poštou.
|0 0
|1 0
|4 0
|d 2021-02-04
|f 1
|l 0
|r 2026-02-24 16:30:33
|w 2026-02-24
|